Váltóper és magasabb kamat

Elmentve itt :
Bibliográfiai részletek
Szerző: Beck Salamon
Dokumentumtípus: Cikk
Megjelent: 1925
Sorozat:Polgári jog : a hazai és külföldi magánjog és hiteljog szemléje 1
Kulcsszavak:Hiteljog kamat, Hiteljog váltó
Online Access:http://misc.bibl.u-szeged.hu/3811
LEADER 00609nab a2200169 i 4500
001 misc3811
005 20191106143150.0
008 170607s1925 hu o 0|| hun d
040 |a SZTE Miscellanea Repozitórium  |b hun 
041 |a hun 
100 1 |a Beck Salamon 
245 1 0 |a Váltóper és magasabb kamat  |h [elektronikus dokumentum] /  |c  Beck Salamon 
260 |c 1925 
300 |a 125-126a 
490 0 |a Polgári jog : a hazai és külföldi magánjog és hiteljog szemléje  |v 1 
695 |a Hiteljog kamat, Hiteljog váltó 
856 4 0 |u http://misc.bibl.u-szeged.hu/3811/1/polgari_jog_1925_125-126a.pdf  |z Dokumentum-elérés